000 00667nam a22002177a 4500
003 OSt
005 20170518095512.0
008 160205b xxu||||| |||| 00| 0 eng d
020 _a9.780072995e+012
040 _ammu
_beng
_cmmu
050 _aQR41.2 .T35 2008
100 _aTalaro, Kathleen Park
245 _aFoundations in microbiology Basic principles
_cKathleen Park Talaro
260 _aNew York
_bMcGraw Hill ,
_c2005
300 _axix,535 p.;ill
500 _aIncludes bibliography and index.
500 _aIncludes bibliography and index.
650 _aMicrobiology
_9394
942 _2lcc
_cLOAN LOAN
_e5th ed.
980 _a^d20150529 12:18:01^oanne
999 _c15181
_d15181